000 00886nam a2200253Ia 4500
003 OSt
005 20220918173813.0
006 a|||||r|||| 00| 0
007 ta
008 220917b |||||||| |||| 00| 0 eng d
024 _a8,342
037 _cTextual
040 _aARTS
_cARTS
_beng
041 _2eng
_aeng
082 _aJ.33.192p1,N80, M1 (906)
110 _aSymposium Of The International Society For Tropical Root Crops Africa Branch On Root Crops. 1980 (Ibadan)
_947477
245 0 _aProceedings ed by E R Terry
260 _aCanada
_bInternational Development Research Centre
_c1981
300 _a279p
_ccm.
650 _aAGRICULTURE
_927
700 _aSymposium Of The International Society For Tropical Root Crops Africa Branch On Root Crops. 1980 (Ibadan)
_947478
942 _hJ.33.192p1,N80, M1 (906)
_cTEXL
_2CC
999 _c150117
_d150117